[Event "Titled Tuesday 15th Dec"]
[Site "chess.com INT"]
[Date "2020.12.15"]
[Round "9"]
[White "Hjartarson, J."]
[Black "Primbetov, K."]
[Result "0-1"]
[WhiteElo "2525"]
[BlackElo "2207"]
[PlyCount "106"]
[EventDate "2020.12.15"]
[EventType "swiss (blitz)"]
[EventRounds "11"]
[SourceTitle "The Week in Chess 1363"]
[Source "Mark Crowther"]
[SourceDate "2020.12.21"]
[SourceVersion "1"]
[SourceVersionDate "2020.12.21"]
[SourceQuality "2"]

1. e4 c5 2. Nf3 d6 3. d4 cxd4 4. Nxd4 Nf6 5. Nc3 Nc6 6. Be2 e5 7. Nf3 h6 8. O-O
Be7 9. Re1 O-O 10. h3 Qd7 11. Bf1 Bd8 12. a3 Bb6 13. Be3 Bxe3 14. Rxe3 Qc7 15.
Qd2 Be6 16. Rd1 Rfd8 17. Rd3 Ne8 18. Ne2 Qb6 19. b3 f5 20. exf5 Bxf5 21. Rc3
Nf6 22. Ng3 Be6 23. Re3 Rac8 24. Bd3 Rf8 25. Bf5 Bxf5 26. Nxf5 Rcd8 27. N3h4
Nh5 28. Rd3 Rf6 29. Nxd6 Nf4 30. Ne4 Rff8 31. Rxd8 Rxd8 32. Qe1 Nd4 33. Kh2
Nxc2 34. Rxd8+ Qxd8 35. Qc3 Nd4 36. Nf3 Nfe2 37. Qc4+ Kh8 38. Nxe5 Qb8 39. f4
Nxf4 40. Nd6 Nde6 41. Nef7+ Kg8 42. g3 b5 43. Qe4 Qb6 44. gxf4 Qf2+ 45. Qg2
Qxf4+ 46. Qg3 Qd2+ 47. Kh1 Qd1+ 48. Qg1 Qd5+ 49. Qg2 Qd1+ 50. Kh2 Nf4 51. Qf2
Nd3 52. Qe3 Qc2+ 53. Kg3 Qxb3 0-1

[Event "Titled Tuesday 15th Dec"]
[Site "chess.com INT"]
[Date "2020.12.15"]
[Round "8"]
[White "Weetik, V."]
[Black "Chen, Ryo"]
[Result "0-1"]
[WhiteElo "2423"]
[BlackElo "2165"]
[PlyCount "52"]
[EventDate "2020.12.15"]
[EventType "swiss (blitz)"]
[EventRounds "11"]
[SourceTitle "The Week in Chess 1363"]
[Source "Mark Crowther"]
[SourceDate "2020.12.21"]
[SourceVersion "1"]
[SourceVersionDate "2020.12.21"]
[SourceQuality "2"]

1. e4 c5 2. Nf3 d6 3. d4 cxd4 4. Nxd4 Nf6 5. Nc3 Nc6 6. Be2 e5 7. Nf3 h6 8. O-O
Be7 9. Re1 O-O 10. b3 a6 11. Bb2 b5 12. a4 b4 13. Nd5 Nxe4 14. Bb5 axb5 15.
axb5 Rxa1 16. Bxa1 Nf6 17. bxc6 Nxd5 18. Qxd5 Be6 19. Qb5 Qb8 20. Qa5 Rc8 21.
Nxe5 dxe5 22. Bxe5 Bd6 23. c7 Qxc7 24. Qxc7 Bxc7 25. Bd4 Bd6 26. Re2 Bf5 0-1

[Event "Titled Tuesday 15th Dec"]
[Site "chess.com INT"]
[Date "2020.12.15"]
[Round "7"]
[White "Novikova, Galina"]
[Black "Albuquerque Junior, Wellington S."]
[Result "0-1"]
[WhiteElo "2073"]
[BlackElo "2209"]
[PlyCount "104"]
[EventDate "2020.12.15"]
[EventType "swiss (blitz)"]
[EventRounds "11"]
[SourceTitle "The Week in Chess 1363"]
[Source "Mark Crowther"]
[SourceDate "2020.12.21"]
[SourceVersion "1"]
[SourceVersionDate "2020.12.21"]
[SourceQuality "2"]

1. e4 c5 2. Nf3 d6 3. d4 cxd4 4. Nxd4 Nf6 5. Nc3 Nc6 6. Be2 e5 7. Nb3 Be7 8. f3
O-O 9. Be3 a5 10. a4 Be6 11. O-O Rc8 12. Qe1 Nb4 13. Rc1 d5 14. exd5 Nbxd5 15.
Nxd5 Nxd5 16. Bd2 b6 17. Bb5 Qc7 18. Kh1 Bb4 19. Bxb4 Nxb4 20. Na1 Rfd8 21. c3
Nd5 22. Nc2 Nf4 23. Ne3 f6 24. Rd1 Bb3 25. Rxd8+ Rxd8 26. c4 Qc5 27. Nf5 Rd1
28. Qxd1 Bxd1 29. Rxd1 h5 30. Bc6 Qf2 31. Bd5+ Kh7 32. Rg1 Ne2 33. Rd1 g6 34.
Nd6 Nd4 35. Ne8 f5 36. Nf6+ Kg7 37. Ne8+ Kf8 38. Nd6 Qe2 39. Rg1 Kg7 40. Ne8+
Kh6 41. Nf6 Nc2 42. Ng8+ Kg7 43. Ne7 Ne3 44. Bb7 Nxc4 45. Ba6 Qc2 46. Nc6 Nxb2
47. Nxe5 Nxa4 48. Re1 Nc5 49. Bc4 Qf2 50. Rf1 Qd4 51. Rc1 Qxe5 52. Bb5 Qb2 0-1

[Event "Titled Tuesday 15th Dec"]
[Site "chess.com INT"]
[Date "2020.12.15"]
[Round "6"]
[White "Goltsev, Dmitry"]
[Black "Lewtak, Da"]
[Result "1-0"]
[WhiteElo "2312"]
[BlackElo "2411"]
[PlyCount "113"]
[EventDate "2020.12.15"]
[EventType "swiss (blitz)"]
[EventRounds "11"]
[SourceTitle "The Week in Chess 1363"]
[Source "Mark Crowther"]
[SourceDate "2020.12.21"]
[SourceVersion "1"]
[SourceVersionDate "2020.12.21"]
[SourceQuality "2"]

1. e4 c5 2. Nf3 d6 3. d4 cxd4 4. Nxd4 Nf6 5. Nc3 Nc6 6. Be2 e5 7. Nb3 h6 8. Be3
Be7 9. O-O O-O 10. f4 a5 11. a4 Nb4 12. Bf3 Be6 13. f5 Bc4 14. Rf2 Qc7 15. Qd2
Rfd8 16. Rd1 d5 17. exd5 Nbxd5 18. Nxd5 Nxd5 19. Bxd5 Bxd5 20. Qe1 Bxb3 21.
cxb3 Rxd1 22. Qxd1 Rd8 23. Rd2 Rxd2 24. Qxd2 Bb4 25. Qd3 Qc6 26. h3 Kh7 27. g4
Qf3 28. f6+ g6 29. Kh2 Bc5 30. Qc4 Qxf6 31. Bxc5 Qf3 32. Qc3 Qe2+ 33. Kg3 f5
34. gxf5 gxf5 35. Bf2 f4+ 36. Kg2 Qe4+ 37. Qf3 Qg6+ 38. Kh2 Qf5 39. Qxb7+ Kg6
40. Qf3 Qc2 41. Kg2 Kf5 42. Qg4+ Kf6 43. Qh4+ Kg6 44. Qg4+ Kf6 45. b4 axb4 46.
a5 b3 47. Qf3 Qxb2 48. a6 Qa2 49. a7 b2 50. a8=Q Qxa8 51. Qxa8 b1=Q 52. Qh8+
Kg6 53. Qxe5 Qb7+ 54. Kg1 Qf3 55. Qe6+ Kg5 56. h4+ Kh5 57. Qf5# 1-0

[Event "Titled Tuesday 15th Dec"]
[Site "chess.com INT"]
[Date "2020.12.15"]
[Round "3"]
[White "Hansen, SuB"]
[Black "Baches Garcia, G."]
[Result "1-0"]
[WhiteElo "2533"]
[BlackElo "2329"]
[PlyCount "125"]
[EventDate "2020.12.15"]
[EventType "swiss (blitz)"]
[EventRounds "11"]
[SourceTitle "The Week in Chess 1363"]
[Source "Mark Crowther"]
[SourceDate "2020.12.21"]
[SourceVersion "1"]
[SourceVersionDate "2020.12.21"]
[SourceQuality "2"]

1. e4 c5 2. Nf3 d6 3. d4 cxd4 4. Nxd4 Nf6 5. Nc3 Nc6 6. Be2 e5 7. Nxc6 bxc6 8.
O-O Be7 9. Kh1 O-O 10. f4 Bb7 11. fxe5 dxe5 12. Qe1 Nd7 13. Qg3 Kh8 14. Bc4 Nc5
15. Be3 f6 16. Rad1 Qe8 17. Qf2 Nd7 18. Na4 Nb6 19. Nxb6 axb6 20. Bxb6 Ba6 21.
Bxa6 Rxa6 22. a3 Qb8 23. Bc5 Bxc5 24. Qxc5 Rd8 25. b3 h6 26. h3 Kh7 27. Qe7
Rxd1 28. Rxd1 Ra7 29. Qe6 Kh8 30. Qxc6 Rxa3 31. Qd6 Ra8 32. Qxb8+ Rxb8 33. Rd3
Rb4 34. c4 Kg8 35. Kg1 Kf7 36. Kf2 Ke6 37. Ke3 g6 38. Kd2 f5 39. Kc3 Rb8 40. c5
fxe4 41. Rd1 e3 42. Re1 Kd5 43. b4 Ke4 44. Kc4 Rd8 45. c6 Rd2 46. b5 e2 47. Kc5
Rc2+ 48. Kd6 Kd3 49. c7 e4 50. b6 e3 51. b7 Kd2 52. c8=Q Rxc8 53. bxc8=Q Kxe1
54. Ke5 Kf2 55. Qf8+ Kxg2 56. Qb4 Kf1 57. Qc4 Kf2 58. Qh4+ Kg2 59. Qe1 Kf3 60.
Kf6 g5 61. Kg6 Kg2 62. Qxe2+ Kxh3 63. Qxe3+ 1-0

[Event "ch-POL Women's Rapid 2020"]
[Site "Bydgoszcz POL"]
[Date "2020.12.13"]
[Round "6.9"]
[White "Dabrowska, Aleksandra"]
[Black "Jarocka, Liwia"]
[Result "0-1"]
[WhiteElo "1604"]
[BlackElo "2056"]
[PlyCount "108"]
[EventDate "2020.12.13"]
[EventType "swiss (rapid)"]
[EventRounds "9"]
[EventCountry "POL"]
[SourceTitle "The Week in Chess 1362"]
[Source "Mark Crowther"]
[SourceDate "2020.12.14"]
[SourceVersion "1"]
[SourceVersionDate "2020.12.14"]
[SourceQuality "2"]

1. e4 c5 2. Nf3 Nc6 3. d4 cxd4 4. Nxd4 Nf6 5. Nc3 d6 6. Be2 e5 7. Nf3 h6 8. O-O
Be7 9. Be3 O-O 10. h3 Be6 11. a3 d5 12. exd5 Nxd5 13. Nxd5 Qxd5 14. Qxd5 Bxd5
15. Nh2 Rac8 16. c3 f5 17. f3 Rfd8 18. Bb5 a6 19. Ba4 b5 20. Bc2 Be6 21. Rfd1
Rf8 22. Nf1 Na5 23. Nd2 Nc4 24. Nxc4 bxc4 25. Ba4 Rfd8 26. Rxd8+ Rxd8 27. Rd1
Rb8 28. Rd2 Kf7 29. Kf1 g5 30. Bd1 h5 31. f4 gxf4 32. Bxh5+ Kg7 33. Bg1 e4 34.
Bd4+ Bf6 35. Bxf6+ Kxf6 36. Be2 Ke5 37. Ke1 e3 38. Rc2 Bd5 39. Bf3 Be4 40. Bxe4
Kxe4 41. Ke2 Rg8 42. Kf1 f3 43. gxf3+ Kxf3 44. h4 Rh8 45. Rh2 f4 46. h5 Rh6 47.
Rh4 Kg3 48. Rh1 Kg4 49. Ke2 Rxh5 50. Rg1+ Kf5 51. Rg8 Rh2+ 52. Ke1 Rxb2 53.
Rf8+ Ke4 54. Re8+ Kf3 0-1

[Event "ch-POL Women's Rapid 2020"]
[Site "Bydgoszcz POL"]
[Date "2020.12.13"]
[Round "3.16"]
[White "Oszutowska, Anna"]
[Black "Goraj, Barbara"]
[Result "0-1"]
[WhiteElo "1167"]
[BlackElo "2078"]
[PlyCount "46"]
[EventDate "2020.12.13"]
[EventType "swiss (rapid)"]
[EventRounds "9"]
[EventCountry "POL"]
[SourceTitle "The Week in Chess 1362"]
[Source "Mark Crowther"]
[SourceDate "2020.12.14"]
[SourceVersion "1"]
[SourceVersionDate "2020.12.14"]
[SourceQuality "2"]

1. e4 c5 2. Nf3 Nc6 3. d4 cxd4 4. Nxd4 Nf6 5. Nc3 d6 6. Be2 e5 7. Ndb5 a6 8.
Na3 b5 9. Nd5 Nd4 10. c3 Nxe2 11. Qxe2 Nxd5 12. exd5 Be7 13. Qf3 O-O 14. Qg3 f5
15. Bd2 f4 16. Qf3 Bf5 17. g3 fxg3 18. Qxg3 Bh4 19. Qg2 Qf6 20. Rg1 Be4 21. Qg4
Qxf2+ 22. Kd1 Bf3+ 23. Qxf3 Qxf3+ 0-1

[Event "FEDA Int WGM 2020"]
[Site "Los Cancajos ESP"]
[Date "2020.12.05"]
[Round "6.2"]
[White "Rodriguez Redondo, Adhara"]
[Black "Gara, T."]
[Result "0-1"]
[WhiteElo "2183"]
[BlackElo "2383"]
[PlyCount "112"]
[EventDate "2020.11.30"]
[EventType "tourn"]
[EventRounds "9"]
[EventCountry "ESP"]
[SourceTitle "The Week in Chess 1361"]
[Source "Mark Crowther"]
[SourceDate "2020.12.07"]
[SourceVersion "1"]
[SourceVersionDate "2020.12.07"]
[SourceQuality "2"]

1. e4 c5 2. Nf3 Nc6 3. d4 cxd4 4. Nxd4 Nf6 5. Nc3 d6 6. Be2 e5 7. Nf3 h6 8. O-O
Be7 9. Re1 O-O 10. h3 Be6 11. Bf1 Nb8 12. b3 Nbd7 13. Bb2 Qa5 14. Qd2 Rfc8 15.
Rad1 Qc7 16. g3 a6 17. Nh4 b5 18. a3 Bf8 19. Re2 Nb6 20. Bg2 Re8 21. Nd5 Nfxd5
22. exd5 Bd7 23. Rde1 g5 24. Nf3 Bg7 25. h4 g4 26. Nxe5 dxe5 27. d6 Qd8 28.
Bxe5 Rb8 29. Bxg7 Rxe2 30. Rxe2 Kxg7 31. Re7 Nc8 32. Qd4+ Kg8 33. Re5 Rb6 34.
Qf4 Rxd6 35. Rh5 Qf6 36. Qe3 Re6 37. Qd2 Rd6 38. Qe3 Ne7 39. Rc5 Nf5 40. Qf4
Rd4 41. Be4 Rxe4 42. Qxe4 Nd4 43. c3 Nxb3 44. Rc7 Be6 45. Rc6 Kg7 46. Qe3 Qf5
47. Rxa6 Qd5 48. Qf4 Qd1+ 49. Kh2 Nd2 50. Qd4+ Kh7 51. Qd3+ f5 52. Kg2 Bd5+ 53.
f3 Bxf3+ 54. Kf2 Ne4+ 55. Ke3 Qxd3+ 56. Kxd3 Nc5+ 0-1

[Event "ch-POL U20 Women 2020"]
[Site "Pokrzywna POL"]
[Date "2020.12.04"]
[Round "7.3"]
[White "Marcinczyk, Monika"]
[Black "Kiolbasa, Oliwia"]
[Result "0-1"]
[WhiteElo "2030"]
[BlackElo "2260"]
[PlyCount "104"]
[EventDate "2020.11.30"]
[EventType "swiss"]
[EventRounds "9"]
[EventCountry "POL"]
[SourceTitle "The Week in Chess 1361"]
[Source "Mark Crowther"]
[SourceDate "2020.12.07"]
[SourceVersion "1"]
[SourceVersionDate "2020.12.07"]
[SourceQuality "2"]

1. e4 c5 2. Nf3 Nc6 3. d4 cxd4 4. Nxd4 Nf6 5. Nc3 d6 6. Be2 e5 7. Nb3 Be7 8.
O-O O-O 9. Be3 a5 10. Nd2 Rb8 11. a4 d5 12. Nxd5 Nxd5 13. exd5 Qxd5 14. Bc4 Qd6
15. f4 Qg6 16. c3 Bf5 17. Kh1 Rbd8 18. Qf3 e4 19. Qf2 Rfe8 20. Bb6 Rd6 21. Qe3
Nb4 22. cxb4 Rxb6 23. Bb5 Rc8 24. Nc4 Rf6 25. bxa5 Bc5 26. Qc3 Qh5 27. Rae1 Rh6
28. h3 e3 29. Rxe3 Bxe3 30. Qxe3 Be6 31. Re1 Rd8 32. Kh2 Qd5 33. Ne5 Rf6 34.
Bc4 Qd4 35. Qxd4 Rxd4 36. Bxe6 Rxe6 37. f5 Re8 38. Rc1 Rxa4 39. Nc4 Rc8 40. b3
Rxa5 41. Re1 Rac5 42. Nd6 Rf8 43. b4 Rd5 44. Nxb7 Rxf5 45. Nc5 h6 46. Re4 Rd8
47. Rc4 Rfd5 48. Nb3 Kh7 49. Rc7 R8d7 50. Rc6 Rb7 51. Rc5 Rxc5 52. Nxc5 Rxb4
0-1

[Event "237th YMCA Autumn B 2020"]
[Site "Warsaw POL"]
[Date "2020.12.03"]
[Round "10"]
[White "Tarka, Aleksandra"]
[Black "Wilczynski, A."]
[Result "1/2-1/2"]
[WhiteElo "1586"]
[BlackElo "1525"]
[PlyCount "37"]
[EventDate "2020.09.24"]
[EventType "swiss"]
[EventRounds "12"]
[EventCountry "POL"]
[SourceTitle "The Week in Chess 1363"]
[Source "Mark Crowther"]
[SourceDate "2020.12.21"]
[SourceVersion "1"]
[SourceVersionDate "2020.12.21"]
[SourceQuality "2"]

1. e4 c5 2. Nf3 d6 3. d4 cxd4 4. Nxd4 Nf6 5. Nc3 Nc6 6. Be2 e5 7. Nb3 Be7 8.
Bg5 Be6 9. Bxf6 Bxf6 10. Nd5 Bg5 11. O-O O-O 12. c3 Ne7 13. Bc4 Rc8 14. Nxe7+
Qxe7 15. Bd5 b6 16. Qd3 g6 17. Rad1 Rfd8 18. Rfe1 Kg7 19. Qf3 1/2-1/2

[Event "34th Belgrade Trophy"]
[Site "Belgrade SRB"]
[Date "2020.12.01"]
[Round "8.15"]
[White "Nedeljkovic, Dr"]
[Black "Zlatkov, Anton"]
[Result "0-1"]
[WhiteElo "2113"]
[BlackElo "2032"]
[PlyCount "57"]
[EventDate "2020.11.24"]
[EventType "swiss"]
[EventRounds "9"]
[EventCountry "SRB"]
[SourceTitle "The Week in Chess 1361"]
[Source "Mark Crowther"]
[SourceDate "2020.12.07"]
[SourceVersion "1"]
[SourceVersionDate "2020.12.07"]
[SourceQuality "2"]

1. e4 c5 2. Nf3 d6 3. d4 cxd4 4. Nxd4 Nf6 5. Nc3 Nc6 6. Be2 e5 7. Nb3 Be6 8. f4
exf4 9. Bxf4 Be7 10. Qd2 O-O 11. O-O-O Ne5 12. h3 a6 13. g4 b5 14. g5 Nfd7 15.
Nd5 Bxd5 16. exd5 Nb6 17. h4 Nbc4 18. Bxc4 Nxc4 19. Qh2 Rc8 20. Kb1 Qd7 21. Nd4
Rfe8 22. h5 Rc5 23. Qg3 Nb6 24. Nc6 Bf8 25. g6 Nxd5 26. Rxd5 Qxc6 27. gxf7+
Kxf7 28. Rg1 Rxd5 29. Re1 0-1

[Event "Titled Tuesday 17th Nov"]
[Site "chess.com INT"]
[Date "2020.11.17"]
[Round "8"]
[White "Kazarian, Anna-Maja"]
[Black "Zaichenko, D."]
[Result "1-0"]
[WhiteElo "2096"]
[BlackElo "2104"]
[PlyCount "157"]
[EventDate "2020.11.17"]
[EventType "swiss (blitz)"]
[EventRounds "11"]
[SourceTitle "The Week in Chess 1359"]
[Source "Mark Crowther"]
[SourceDate "2020.11.23"]
[SourceVersion "1"]
[SourceVersionDate "2020.11.23"]
[SourceQuality "2"]

1. e4 c5 2. Nf3 d6 3. d4 cxd4 4. Nxd4 Nf6 5. Nc3 Nc6 6. Be2 e5 7. Nb3 Be7 8.
Be3 O-O 9. Qd2 Be6 10. O-O-O a5 11. Kb1 a4 12. Nc1 Qa5 13. f4 Rfb8 14. f5 Bd7
15. g4 b5 16. g5 Ne8 17. f6 Bf8 18. fxg7 Nxg7 19. Nd5 Be6 20. Qxa5 Nxa5 21. Nc7
Nc4 22. Bxc4 Bxc4 23. Nxa8 Rxa8 24. b3 axb3 25. cxb3 Be6 26. Nd3 Be7 27. Nb4
Rc8 28. Rc1 f5 29. Rxc8+ Bxc8 30. Nd5 Bd8 31. Rc1 Bd7 32. h4 fxe4 33. Bb6 Bxb6
34. Nxb6 Bf5 35. Kb2 e3 36. Re1 Be6 37. Rxe3 Nf5 38. Rd3 e4 39. Rd1 Kf7 40. Nd5
Bxd5 41. Rxd5 Ke6 42. Rd1 Nxh4 43. Kc3 d5 44. Rh1 Nf3 45. Rxh7 Nxg5 46. Rh6+
Ke5 47. a4 d4+ 48. Kd2 Nf3+ 49. Kd1 bxa4 50. bxa4 e3 51. Ke2 Ke4 52. Re6+ Kd5
53. Re8 Ne5 54. Rd8+ Kc5 55. a5 Nc6 56. Rc8 Kb5 57. a6 Na7 58. Rd8 Kxa6 59.
Rxd4 Kb6 60. Kxe3 Nc6 61. Rh4 Kc5 62. Kd3 Kd5 63. Rh5+ Kd6 64. Kc4 Ne5+ 65. Kd4
Nc6+ 66. Ke4 Ne7 67. Rh6+ Kd7 68. Ke5 Nc6+ 69. Kd5 Ne7+ 70. Kc5 Kc7 71. Rh7 Kd7
72. Rg7 Ke8 73. Rh7 Kd7 74. Rh6 Ke8 75. Re6 Kf7 76. Ra6 Ke8 77. Kd6 Nc8+ 78.
Ke6 Kd8 79. Rc6 1-0

[Event "Titled Tuesday 17th Nov"]
[Site "chess.com INT"]
[Date "2020.11.17"]
[Round "6"]
[White "Zaksaite, S."]
[Black "Baches Garcia, G."]
[Result "0-1"]
[WhiteElo "2202"]
[BlackElo "2329"]
[PlyCount "46"]
[EventDate "2020.11.17"]
[EventType "swiss (blitz)"]
[EventRounds "11"]
[SourceTitle "The Week in Chess 1359"]
[Source "Mark Crowther"]
[SourceDate "2020.11.23"]
[SourceVersion "1"]
[SourceVersionDate "2020.11.23"]
[SourceQuality "2"]

1. e4 c5 2. Nf3 d6 3. d4 cxd4 4. Nxd4 Nf6 5. Nc3 Nc6 6. Be2 e5 7. Nf3 h6 8. O-O
Be7 9. Be3 O-O 10. h3 Be6 11. Nd2 Na5 12. Bf3 Rc8 13. Nd5 Nxd5 14. exd5 Bf5 15.
c3 a6 16. Qe2 b5 17. a4 Nc4 18. axb5 axb5 19. Nxc4 bxc4 20. Qd2 Bd3 21. Rfe1 f5
22. Ra6 Bg5 23. Bb6 Bxd2 0-1

[Event "SPICE Cup Open 2020"]
[Site "Chesterfield MO USA"]
[Date "2020.10.21"]
[Round "3"]
[White "Chen, Ryo"]
[Black "Niemann, Hans Moke"]
[Result "1-0"]
[WhiteElo "2085"]
[BlackElo "2465"]
[PlyCount "99"]
[EventDate "2020.10.20"]
[EventType "swiss"]
[EventRounds "9"]
[EventCountry "USA"]
[SourceTitle "Updates"]
[Source "OMOTB"]
[SourceDate "2020.10.26"]
[SourceVersion "3"]
[SourceVersionDate "2020.10.27"]
[SourceQuality "2"]

1. e4 c5 2. Nf3 Nc6 3. d4 cxd4 4. Nxd4 Nf6 5. Nc3 d6 6. Be2 e5 7. Nf3 h6 8. O-O
Be7 9. h3 O-O 10. Re1 a6 11. a4 Be6 12. Bf1 Nb4 13. Be3 Qa5 14. Nd2 d5 15. Nxd5
Nfxd5 16. exd5 Qxd5 17. c3 Nd3 18. Bxd3 Qxd3 19. Nf3 Qxd1 20. Rexd1 f6 21. a5
g5 22. Nd2 Bd5 23. c4 Bc6 24. Nb3 Rac8 25. Bc5 Kf7 26. Bxe7 Kxe7 27. Nc5 h5 28.
Rd3 g4 29. Rad1 gxh3 30. Rxh3 Rg8 31. f3 Rg5 32. b4 Rcg8 33. Rd2 f5 34. Kf1 e4
35. fxe4 fxe4 36. Re3 Re5 37. Rde2 Rxc5 38. bxc5 Rg5 39. Rf2 Rxc5 40. Rg3 Kd6
41. Rg6+ Kc7 42. Rf7+ Kb8 43. Rg8+ Ka7 44. Rc8 e3 45. Ke1 h4 46. Rg7 e2 47. Rf7
Rxc4 48. Rff8 b5 49. Rc7+ Bb7 50. Rd7 1-0

[Event "Asian Nat Online Cup Women"]
[Site "chess.com INT"]
[Date "2020.10.19"]
[Round "7.6"]
[White "A-ALI, Sali Abbas Abdulzah"]
[Black "Ryjanova, J."]
[Result "0-1"]
[WhiteElo "1911"]
[BlackElo "2299"]
[PlyCount "134"]
[EventDate "2020.10.11"]
[EventType "team (rapid)"]
[EventRounds "9"]
[SourceTitle "Updates"]
[Source "OMOTB"]
[SourceDate "2020.10.26"]
[SourceVersion "3"]
[SourceVersionDate "2020.10.27"]
[SourceQuality "2"]
[WhiteTeam "Iraq"]
[BlackTeam "Australia"]
[WhiteTeamCountry "IRQ"]
[BlackTeamCountry "AUS"]

1. e4 c5 2. Nf3 Nc6 3. d4 cxd4 4. Nxd4 Nf6 5. Nc3 d6 6. Be2 e5 7. Nf3 h6 8. O-O
Be7 9. h3 O-O 10. Be3 Be6 11. a3 d5 12. exd5 Nxd5 13. Nxd5 Bxd5 14. Nd2 Qc7 15.
Bf3 Be6 16. Re1 Rad8 17. c3 f5 18. b4 e4 19. Be2 f4 20. Bd4 Nxd4 21. cxd4 Rxd4
22. Bg4 Bxg4 23. hxg4 Qc6 24. Qb3+ Kh8 25. Rac1 Qg6 26. Nf1 Qxg4 27. Nh2 Qg5
28. Qh3 Rd3 29. Qg4 Qxg4 30. Nxg4 e3 31. fxe3 fxe3 32. Ne5 Rd6 33. Rc7 Bh4 34.
Rxe3 Bf2+ 35. Kh1 Bxe3 36. Nf7+ Rxf7 37. Rxf7 Ra6 38. Rxb7 Rxa3 39. b5 Kh7 40.
Rd7 Bb6 41. Rd5 Rc3 42. Rd1 Rc5 43. Rb1 Kg6 44. Kh2 Rc3 45. Rb2 Bc7+ 46. Kg1
Bg3 47. Rb1 Re3 48. Kf1 Kf5 49. Ra1 h5 50. Rc1 h4 51. Rb1 g5 52. Rc1 Ke4 53.
Rd1 g4 54. Rb1 Kd3 55. Rb3+ Kd4 56. Rb1 Kc5 57. Kg1 Re1+ 58. Rxe1 Bxe1 59. Kf1
Bg3 60. Ke2 Kxb5 61. Kf1 a5 62. Ke2 a4 63. Ke3 a3 64. Ke4 a2 65. Kf5 a1=Q 66.
Kxg4 Qf1 67. Kh3 Qf5# 0-1

[Event "Asian Nations Online Cup"]
[Site "chess.com INT"]
[Date "2020.10.18"]
[Round "7.13"]
[White "Kyaw, Myat Aung"]
[Black "Arkadan, Adib"]
[Result "1-0"]
[WhiteElo "1839"]
[BlackElo "1742"]
[PlyCount "71"]
[EventDate "2020.10.10"]
[EventType "team (rapid)"]
[EventRounds "9"]
[SourceTitle "Updates"]
[Source "OMOTB"]
[SourceDate "2020.10.26"]
[SourceVersion "3"]
[SourceVersionDate "2020.10.27"]
[SourceQuality "2"]
[WhiteTeam "Myanmar"]
[BlackTeam "Lebanon"]
[WhiteTeamCountry "MYA"]
[BlackTeamCountry "LBN"]

1. e4 c5 2. Nf3 d6 3. d4 cxd4 4. Nxd4 Nf6 5. Nc3 Nc6 6. Be2 e5 7. Nb3 Be6 8.
Be3 Be7 9. O-O O-O 10. f4 d5 11. exd5 Nxd5 12. Nxd5 Bxd5 13. fxe5 Nxe5 14. Bd4
Bd6 15. Rf5 Re8 16. Bxe5 Bxe5 17. Bf3 Bxf3 18. Qxf3 Bxb2 19. Rf1 Bf6 20. Qxb7
a5 21. Kh1 a4 22. Nc5 Re7 23. Qf3 Qe8 24. Nd3 Ra6 25. Nf4 Re3 26. Qb7 Rc6 27.
Nd5 Re1 28. h3 h6 29. Nxf6+ Rxf6 30. Rxf6 gxf6 31. Qf3 Qe2 32. Qg3+ Kf8 33.
Rxe1 Qxc2 34. a3 Qc5 35. Qe3 Qd6 36. Qxh6+ 1-0

[Event "Asian Nations Online Cup"]
[Site "chess.com INT"]
[Date "2020.10.18"]
[Round "7.6"]
[White "Nanjo, R."]
[Black "Mohammad Fahad, Rahman"]
[Result "1-0"]
[WhiteElo "2338"]
[BlackElo "2319"]
[PlyCount "65"]
[EventDate "2020.10.10"]
[EventType "team (rapid)"]
[EventRounds "9"]
[SourceTitle "Updates"]
[Source "OMOTB"]
[SourceDate "2020.10.26"]
[SourceVersion "3"]
[SourceVersionDate "2020.10.27"]
[SourceQuality "2"]
[WhiteTeam "Japan"]
[BlackTeam "Bangladesh"]
[WhiteTeamCountry "JPN"]
[BlackTeamCountry "BAN"]

1. e4 c5 2. Nf3 d6 3. d4 cxd4 4. Nxd4 Nf6 5. Nc3 Nc6 6. Be2 e5 7. Nf3 h6 8. O-O
Be6 9. Re1 Be7 10. Bf1 O-O 11. h3 Rc8 12. a3 Na5 13. Nh2 Rxc3 14. bxc3 Qc7 15.
Rb1 d5 16. exd5 Nxd5 17. Bb2 Rd8 18. Qf3 f5 19. c4 e4 20. Rxe4 fxe4 21. Qxe4
Bf7 22. cxd5 Bxd5 23. Qg6 Bg5 24. Bd3 Qf7 25. Qh7+ Kf8 26. Bc3 b6 27. Re1 Bf6
28. Bb4+ Be7 29. Rxe7 Qxe7 30. Bxe7+ Kxe7 31. Qxg7+ Kd6 32. Qxh6+ Kc7 33. Ng4
1-0

[Event "Asian Nat Online Cup Women"]
[Site "chess.com INT"]
[Date "2020.10.11"]
[Round "3.11"]
[White "A-ALI, Sali Abbas Abdulzah"]
[Black "Ding, Dao En"]
[Result "1/2-1/2"]
[WhiteElo "1911"]
[BlackElo "1799"]
[PlyCount "65"]
[EventDate "2020.10.11"]
[EventType "team (rapid)"]
[EventRounds "9"]
[SourceTitle "Updates"]
[Source "OMOTB"]
[SourceDate "2020.10.26"]
[SourceVersion "3"]
[SourceVersionDate "2020.10.27"]
[SourceQuality "2"]
[WhiteTeam "Iraq"]
[BlackTeam "Malaysia"]
[WhiteTeamCountry "IRQ"]
[BlackTeamCountry "MAS"]

1. e4 c5 2. Nf3 d6 3. d4 Nf6 4. Nc3 cxd4 5. Nxd4 Nc6 6. Be2 e5 7. Nf3 Be7 8.
O-O O-O 9. h3 h6 10. Be3 Be6 11. a3 Rc8 12. Qd3 a6 13. Nd5 Bxd5 14. exd5 e4 15.
Qd2 exf3 16. dxc6 fxe2 17. Qxe2 Rxc6 18. Rfe1 Re8 19. Bd4 Rc8 20. Qf3 Qc7 21.
Qg3 Kh8 22. c3 b5 23. Re3 Kg8 24. Rae1 Kf8 25. Qf3 Qd7 26. Qe2 d5 27. Qd3 Ne4
28. f3 Nf6 29. b4 Kg8 30. Qe2 Kf8 31. Qd3 Qc6 32. Qe2 Qd7 33. Qd3 1/2-1/2

[Event "Speed Chess Super Swiss"]
[Site "chess.com INT"]
[Date "2020.10.03"]
[Round "14"]
[White "Karthikeyan, M2."]
[Black "Tabatabaei, M."]
[Result "0-1"]
[WhiteElo "2606"]
[BlackElo "2629"]
[PlyCount "100"]
[EventDate "2020.10.03"]
[EventType "swiss (blitz)"]
[EventRounds "15"]
[SourceTitle "Updates"]
[Source "OMOTB"]
[SourceDate "2020.10.26"]
[SourceVersion "3"]
[SourceVersionDate "2020.10.27"]
[SourceQuality "2"]

1. e4 c5 2. Nf3 d6 3. d4 cxd4 4. Nxd4 Nf6 5. Nc3 Nc6 6. Be2 e5 7. Nb3 Be7 8.
Be3 Be6 9. Bf3 a5 10. O-O a4 11. Nd2 d5 12. exd5 Nxd5 13. Bxd5 Bxd5 14. Bb6 Qd7
15. Nxd5 Qxd5 16. Qe2 O-O 17. Rfd1 Qe6 18. Nc4 f5 19. c3 e4 20. f3 Ne5 21. Nxe5
Qxb6+ 22. Kh1 Qe6 23. Qc4 Qxc4 24. Nxc4 exf3 25. gxf3 Rad8 26. a3 Bc5 27. Kg2
Rfe8 28. Kf1 Kf7 29. Ne5+ Ke6 30. Nd3 Bd6 31. h3 Kf6 32. Re1 Rxe1+ 33. Nxe1 Bg3
34. Nc2 Rd2 35. Nd4 Rxb2 36. Rd1 Be5 37. Ne2 Rb3 38. Rd5 Rxa3 39. Ra5 Bxc3 40.
Nxc3 Rxc3 41. Rxa4 Rxf3+ 42. Kg2 Rb3 43. Rd4 Kg5 44. Rd5 b5 45. Rd7 Kh6 46.
Rd6+ g6 47. h4 b4 48. Rd2 Rb1 49. Rc2 b3 50. Rc1 Rxc1 0-1